000
00307nam a2200133Ia 4500
008
191201s2009 xx 000 0 und d
082
_a
658.8
_b
RAM
100
_a
RAMASWAMY, V S
245
0
_a
Marketing Management
260
_a
N. Delhi
_b
Macmillan
_c
2009
300
_a
872
650
_a
BBA
942
_2
ddc
_c
BK
999
_c
5757
_d
5757